000 01072cam a22002771 4500
001 pa 62000003
003 DLC
005 20260227111855.0
008 770520s1961 dcuab b 100 0 eng c
010 _apa 62000003
035 _a(OCoLC)2981902
040 _aPan American Union Library
_cNbU
_dOCoLC
_dDLC
041 0 _aengporspa
042 _apremarc
050 0 0 _aTK9006
_b.I475 1960c
082 _a621.489
111 2 _aInter-American Symposium on the Peaceful Application of Nuclear Energy
_n(3rd :
_d1960 :
_cRio de Janeiro)
245 1 0 _aIndustrial applications of nuclear energy.
260 _aWashington,
_bPan American Union,
_c1961.
300 _axi, 369 p.
_billus., maps, diagrs., tables.
_c28 cm.
500 _aEnglish, Portuguese or Spanish.
500 _aHeld under the auspices of the Inter-American Nuclear Energy Commission and the National Nuclear Energy Commission of Brazil.
504 _aIncludes bibliographies.
650 0 _aNuclear energy
_xResearch
_xInternational cooperation.
650 0 _aNuclear energy
_xEconomic aspects
_vCongresses.
999 _c51488
_d51488